| 000 | 00421nam a2200181Ia 4500 | ||
|---|---|---|---|
| 001 | 8550 | ||
| 005 | 20260306160617.0 | ||
| 008 | 260306t2002||||xx |||||||||||||| ||spa|| | ||
| 041 | _aESP | ||
| 082 |
_a371.1023 _bM23 |
||
| 100 |
_aMañú Noáin, José Manuel _eAUT |
||
| 245 | 0 | _aSer profesor hoy | |
| 260 | _c2002 | ||
| 300 |
_a140 páginas : _c18 cm. |
||
| 650 | _aGEN | ||
| 654 | _aCED | ||
| 942 |
_cLIB _dJUS _fJUS _2ddc _n |
||
| 999 |
_c8550 _d8550 |
||